000 00586nam a22001937a 4500
999 _c5556
_d5556
003 GBCCL
005 20241126110544.0
008 180327b ||||| |||| 00| 0 eng d
020 _a1852401966
040 _cgbc
082 _a289.94092
_bJEF
245 _aGeorge Jeffreys - A Ministry of the Miraculous /
_cEdited by Chris Cartwright
260 _aEngland:
_bSovereign World,
_c1999
300 _a189 p.;
_c20 cm.
650 _aJeffrey George
_v1889 - 1962
_910024
650 _aPenticostal Churches
_910025
650 _aPenticostalism
_zGreat Britain
_vHistory
_910026
942 _2ddc
_cBK